[Event "Bogota Navidad op"]
[Site "Bogota"]
[Date "2016.12.08"]
[Round "3"]
[White "Cardoso Cardoso, Jaidy Marcela"]
[Black "Ospina Ortiz, Oscar Alexander"]
[Result "1-0"]
[WhiteElo "1716"]
[BlackElo "1950"]
[PlyCount "51"]
[EventDate "2016.12.07"]
[EventType "swiss"]
[EventRounds "9"]
[EventCountry "COL"]
[SourceTitle "CBM 176 Extra"]
[Source "ChessBase"]
[SourceDate "2017.03.02"]
[SourceVersion "1"]
[SourceVersionDate "2017.03.02"]
[SourceQuality "1"]

1. d4 d5 2. Nf3 Nf6 3. c4 c6 4. Nc3 e6 5. Bg5 Nbd7 6. e3 Be7 7. Bd3 0-0 8. 0-0 dxc4 9. Bxc4 Re8 10. Qc2 b6 11. e4 Bb7 12. Rad1 h6 13. Bf4 Qc8 14. h3 Ba6 15. Bxa6 Qxa6 16. Rfe1 Rac8 17. a3 Bd8 18. Ne5 c5 19. Nxd7 Nxd7 20. d5 exd5 21. exd5 Bf6 22. Qf5 Bxc3 23. bxc3 Nf6 24. Bxh6 Rxe1+ 25. Rxe1 Nxd5 26. Qg5 1-0

[Event "COL-ch"]
[Site "Ibague"]
[Date "2013.07.05"]
[Round "8"]
[White "Ospina Ortiz, Oscar Alexander"]
[Black "Castaneda, Jorge Luis"]
[Result "0-1"]
[WhiteElo "1943"]
[BlackElo "2199"]
[PlyCount "86"]
[EventDate "2013.07.01"]
[EventType "swiss"]
[EventRounds "11"]
[EventCountry "COL"]
[SourceTitle "EXT 2014"]
[Source "ChessBase"]
[SourceDate "2013.11.20"]
[SourceVersion "1"]
[SourceVersionDate "2013.11.20"]
[SourceQuality "1"]

1. d4 Nf6 2. c4 e6 3. Nc3 Bb4 4. Qc2 0-0 5. Nf3 b6 6. a3 Bxc3+ 7. Qxc3 Bb7 8. Bg5 d6 9. e3 Nbd7 10. Be2 Qe8 11. Bxf6 Nxf6 12. Rc1 Ne4 13. Qc2 f5 14. 0-0 Rf6 15. c5 Bd5 16. cxd6 cxd6 17. Ne1 Rf8 18. Nd3 Rc8 19. Qd1 Rxc1 20. Qxc1 Qd7 21. Nf4 Rc8 22. Qd1 Bb7 23. d5 e5 24. Ne6 Nf6 25. Qd2 Bxd5 26. Ng5 Qc6 27. Rd1 g6 28. Qb4 h6 29. Nh3 Qc5 30. Qh4 Kg7 31. Bd3 Bc6 32. Qg3 Qd5 33. f4 e4 34. Be2 Qc5 35. b4 Qc2 36. Qe1 Bd5 37. Bf1 Qc3 38. Qf2 Ng4 39. Qh4 Qxe3+ 40. Kh1 Nf6 41. Nf2 Rc1 42. g4 Rxd1 43. Nxd1 Qf3+ 0-1

[Event "COL-ch"]
[Site "Ibague"]
[Date "2013.07.03"]
[Round "4"]
[White "Ospina Ortiz, Oscar Alexander"]
[Black "Ortiz, Jairo"]
[Result "0-1"]
[WhiteElo "1943"]
[BlackElo "1725"]
[PlyCount "96"]
[EventDate "2013.07.01"]
[EventType "swiss"]
[EventRounds "11"]
[EventCountry "COL"]
[SourceTitle "EXT 2014"]
[Source "ChessBase"]
[SourceDate "2013.11.20"]
[SourceVersion "1"]
[SourceVersionDate "2013.11.20"]
[SourceQuality "1"]

1. d4 Nf6 2. c4 e6 3. Nc3 d5 4. Nf3 Be7 5. Bg5 0-0 6. e3 Nbd7 7. cxd5 exd5 8. Bd3 c6 9. 0-0 Re8 10. Rc1 Nf8 11. Re1 Bg4 12. h3 Bh5 13. a3 Bg6 14. Na4 Ne6 15. Bh4 Qa5 16. b4 Qd8 17. Ne5 Bxd3 18. Qxd3 Nd7 19. Bxe7 Nxe5 20. Qf5 Rxe7 21. Qxe5 Qe8 22. Nc3 f6 23. Qg3 Nxd4 24. Red1 Nf5 25. Qf4 Qg6 26. e4 dxe4 27. Nxe4 h5 28. Nc5 Rae8 29. Kf1 Nh6 30. Rd3 Qf5 31. Qc4+ Kh7 32. Rcd1 Re2 33. Rf3 Qe5 34. Qd3+ Kh8 35. Kg1 b6 36. Nb3 Re1+ 37. Rxe1 Qxe1+ 38. Kh2 Qe5+ 39. g3 Qe2 40. Qc3 Qf1 41. Nd2 Qd1 42. Qxc6 Re1 43. Rd3 h4 44. g4 Re2 45. Qf3 Qe1 46. Rd8+ Kh7 47. Kg2 Rxd2 48. Ra8 Rd1 0-1

[Event "COL-ch"]
[Site "Ibague"]
[Date "2013.07.02"]
[Round "3"]
[White "Cespedes Rodriguez, Jaime"]
[Black "Ospina Ortiz, Oscar Alexander"]
[Result "1-0"]
[WhiteElo "2138"]
[BlackElo "1943"]
[PlyCount "92"]
[EventDate "2013.07.01"]
[EventType "swiss"]
[EventRounds "11"]
[EventCountry "COL"]
[SourceTitle "EXT 2014"]
[Source "ChessBase"]
[SourceDate "2013.11.20"]
[SourceVersion "1"]
[SourceVersionDate "2013.11.20"]
[SourceQuality "1"]

1. d4 d5 2. c4 c6 3. Nc3 Nf6 4. e3 Nbd7 5. Nf3 e6 6. Qc2 Be7 7. Bd3 0-0 8. 0-0 a6 9. b3 Qa5 10. c5 Qc7 11. Bb2 Re8 12. Rfd1 e5 13. dxe5 Nxe5 14. Nxe5 Qxe5 15. Nxd5 Qxd5 16. Bxf6 Qxc5 17. Bxh7+ Kh8 18. Bxe7 Qxe7 19. Bd3 Qe5 20. Qc4 Re7 21. Bc2 Bf5 22. Bxf5 Qxf5 23. Rd4 Rae8 24. Rad1 Kg8 25. Rd8 Rxd8 26. Rxd8+ Kh7 27. h3 Rd7 28. Qh4+ Kg6 29. Rxd7 Qxd7 30. Qg4+ Qxg4 31. hxg4 Kf6 32. Kf1 c5 33. Ke2 Ke5 34. Kd3 b5 35. f4+ Kd5 36. e4+ Kd6 37. g5 g6 38. Ke3 Ke6 39. e5 Kd5 40. Kd3 a5 41. a4 c4+ 42. bxc4+ bxc4+ 43. Ke3 Kc5 44. f5 gxf5 45. e6 Kd6 46. exf7 Ke7 1-0

[Event "Bogota LAB op 03"]
[Site "Bogota"]
[Date "2013.03.23"]
[Round "2"]
[White "Ospina Ortiz, Oscar Alexander"]
[Black "Valle, Efrain"]
[Result "1-0"]
[WhiteElo "1933"]
[BlackElo "2251"]
[PlyCount "81"]
[EventDate "2013.03.22"]
[EventType "swiss"]
[EventRounds "7"]
[EventCountry "COL"]
[SourceTitle "CBM 153 Extra"]
[Source "ChessBase"]
[SourceDate "2013.04.22"]
[SourceVersion "1"]
[SourceVersionDate "2013.04.22"]
[SourceQuality "1"]

1. d4 Nf6 2. c4 g6 3. Nc3 Bg7 4. Nf3 0-0 5. Bg5 d6 6. h3 Nbd7 7. e3 c5 8. d5 Qa5 9. Qd2 a6 10. Be2 Rb8 11. a4 Nb6 12. 0-0 Bf5 13. e4 Bd7 14. e5 dxe5 15. Nxe5 Bf5 16. g4 Bc8 17. Bf4 Ra8 18. Rfd1 Nbd7 19. Nd3 Ne8 20. Ne4 Qxd2 21. Rxd2 b6 22. a5 f5 23. Ng5 Nd6 24. Rc2 b5 25. cxb5 c4 26. Nb4 fxg4 27. Ne6 axb5 28. Nxf8 Kxf8 29. Bxg4 Nc5 30. Bxc8 Nxc8 31. Ra3 Nb3 32. Bc7 Ke8 33. Nc6 Kd7 34. Bg3 e6 35. Nb8+ Ke7 36. Rxb3 cxb3 37. Rxc8 Bxb2 38. d6+ Kf7 39. d7 Bf6 40. Be5 Be7 41. Nc6 1-0

[Event "Bogota Torneo Distrital"]
[Site "Bogota"]
[Date "2010.04.02"]
[Round "2"]
[White "Garcia Alarcon, Alvaro"]
[Black "Ospina Ortiz, Oscar Alexander"]
[Result "1-0"]
[WhiteElo "2210"]
[BlackElo "1974"]
[PlyCount "57"]
[EventDate "2010.03.31"]
[EventType "swiss"]
[EventRounds "7"]
[EventCountry "COL"]
[SourceTitle "EXT 2024"]
[Source "ChessBase"]
[SourceDate "2023.10.10"]
[SourceVersion "1"]
[SourceVersionDate "2023.10.10"]
[SourceQuality "1"]

1. d4 d5 2. c4 c6 3. Nf3 Nf6 4. cxd5 cxd5 5. Nc3 e6 6. Bg5 Nbd7 7. e3 Qa5 8. Qb3 Ne4 9. Bf4 Be7 10. Bd3 0-0 11. Bxe4 dxe4 12. Nd2 Nf6 13. 0-0 Nd5 14. Ndxe4 Nxf4 15. exf4 b6 16. Qb5 Qxb5 17. Nxb5 Bb7 18. Nbc3 Rfd8 19. Rfd1 Rd7 20. Rd2 Rad8 21. Rad1 Bb4 22. a3 Bf8 23. f3 g6 24. Nf6+ Kg7 25. Nxd7 Rxd7 26. Ne4 a6 27. Kf2 f5 28. Ng3 Bd6 29. Ne2 1-0

[Event "Bogota Torneo Distrital"]
[Site "Bogota"]
[Date "2010.04.02"]
[Round "5"]
[White "Ramirez, Francisco Javier"]
[Black "Ospina Ortiz, Oscar Alexander"]
[Result "1-0"]
[WhiteElo "1973"]
[BlackElo "1974"]
[PlyCount "95"]
[EventDate "2010.03.31"]
[EventType "swiss"]
[EventRounds "7"]
[EventCountry "COL"]
[SourceTitle "EXT 2024"]
[Source "ChessBase"]
[SourceDate "2023.10.10"]
[SourceVersion "1"]
[SourceVersionDate "2023.10.10"]
[SourceQuality "1"]

1. e4 c5 2. Nf3 d6 3. d4 cxd4 4. Nxd4 Nf6 5. Nc3 a6 6. a4 e5 7. Nb3 Be6 8. Bg5 Be7 9. Bxf6 Bxf6 10. Nd5 Bxd5 11. Qxd5 Nc6 12. Rd1 Be7 13. Bc4 0-0 14. 0-0 Qc7 15. Qd2 Rac8 16. Bd5 h6 17. f4 exf4 18. Qxf4 Ne5 19. Nd4 Qb6 20. b3 Rxc2 21. Kh1 Rc3 22. Qd2 Rd3 23. Qf2 Rxd1 24. Rxd1 Nc6 25. Kg1 Nxd4 26. Qxd4 Qxd4+ 27. Rxd4 b6 28. Rc4 Bf6 29. Kf1 b5 30. axb5 axb5 31. Rc6 Be5 32. h3 Ra8 33. Rc7 Ra1+ 34. Ke2 Ra2+ 35. Kf3 b4 36. Rxf7 Kh7 37. Rb7 Bd4 38. Rxb4 Bc5 39. Rb7 Rb2 40. g4 Kg6 41. h4 Rb1 42. h5+ Kh7 43. Be6 Rf1+ 44. Ke2 Rf8 45. b4 Bd4 46. Kd3 Bf2 47. Rf7 Rxf7 48. Bxf7 1-0

[Event "Bogota IRT op Navideno"]
[Site "Bogota"]
[Date "2009.12.04"]
[Round "8"]
[White "Camargo, Santiago"]
[Black "Ospina Ortiz, Oscar Alexander"]
[Result "1-0"]
[WhiteElo "2050"]
[BlackElo "1992"]
[PlyCount "23"]
[EventDate "2009.12.04"]
[EventType "swiss"]
[EventRounds "9"]
[EventCountry "COL"]
[SourceTitle "EXT 2024"]
[Source "ChessBase"]
[SourceDate "2023.10.10"]
[SourceVersion "1"]
[SourceVersionDate "2023.10.10"]
[SourceQuality "1"]

1. Nf3 e5 2. g4 c5 3. d4 cxd4 4. Nxd4 Nf6 5. e4 a6 6. Nc3 Be7 7. Nb3 d6 8. f3 Be6 9. Be3 Nbd7 10. g5 Nh5 11. h4 b5 12. Nd5 1-0